<?xml version="1.0" encoding="UTF-8"?>
<resp>
  <nextPage>https://data.bn.org.pl/api/networks/bibs.marcxml?marc=001+b00001150002121&amp;sinceId=1150002122</nextPage>
  <collection>
    <record xmlns='http://www.loc.gov/MARC21/slim'><leader>01323namZa2200385ZiZ4500</leader><controlfield tag='001'>b00001150002121</controlfield><controlfield tag='005'>20241203214420.1</controlfield><controlfield tag='008'>230609s        pl           |000 0 pol c</controlfield><controlfield tag='009'>9913261229405606</controlfield><datafield ind1=' ' ind2=' ' tag='020'><subfield code='a'>8372986762</subfield></datafield><datafield ind1=' ' ind2=' ' tag='035'><subfield code='a'>KR_1KR_1_20120317232916019677-48omnis_kr</subfield></datafield><datafield ind1=' ' ind2=' ' tag='035'><subfield code='a'>KR_1_20120317232916019677</subfield><subfield code='9'>ExL</subfield></datafield><datafield ind1=' ' ind2=' ' tag='035'><subfield code='a'>(PL)b00001150002121</subfield></datafield><datafield ind1=' ' ind2=' ' tag='040'><subfield code='a'>KR_1</subfield><subfield code='c'>KR_1</subfield></datafield><datafield ind1='1' ind2=' ' tag='041'><subfield code='a'>pol</subfield><subfield code='h'>eng</subfield></datafield><datafield ind1='1' ind2=' ' tag='100'><subfield code='a'>Griffin, W.E.B.</subfield></datafield><datafield ind1='1' ind2='0' tag='245'><subfield code='a'>Odwrót, do cholery! /</subfield><subfield code='c'>W.E.B. Griffin ; tł. Jerzy Łoziński.</subfield></datafield><datafield ind1=' ' ind2=' ' tag='260'><subfield code='a'>Poznań :</subfield><subfield code='b'>Zysk i S-ka Wydaw.,</subfield><subfield code='c'>cop. 2004.</subfield></datafield><datafield ind1=' ' ind2=' ' tag='300'><subfield code='a'>503 s. ;</subfield><subfield code='c'>20 cm.</subfield></datafield><datafield ind1='1' ind2=' ' tag='490'><subfield code='a'>Korpus / Griffin W. E. B. ;</subfield><subfield code='v'>8</subfield></datafield><datafield ind1=' ' ind2=' ' tag='500'><subfield code='a'>p</subfield></datafield><datafield ind1=' ' ind2='9' tag='650'><subfield code='a'>Powieść amerykańska</subfield><subfield code='y'>21 w.</subfield></datafield><datafield ind1='1' ind2=' ' tag='700'><subfield code='a'>Łoziński, Jerzy</subfield><subfield code='e'>Tł.</subfield></datafield><datafield ind1=' ' ind2=' ' tag='852'><subfield code='b'>48OMNIS_NETWORK</subfield><subfield code='8'>9913261229405606</subfield></datafield><datafield ind1=' ' ind2=' ' tag='852'><subfield code='b'>48OMNIS_MBPG</subfield><subfield code='8'>991002465889708210</subfield></datafield><datafield ind1=' ' ind2=' ' tag='852'><subfield code='b'>48OMNIS_KR</subfield><subfield code='8'>991000021209708216</subfield></datafield><datafield ind1=' ' ind2=' ' tag='852'><subfield code='8'>22797347160008210</subfield><subfield code='j'>1</subfield><subfield code='b'>C</subfield><subfield code='p'>10131935</subfield><subfield code='c'>UBYTKI_C</subfield></datafield><datafield ind1=' ' ind2=' ' tag='852'><subfield code='8'>22797347180008210</subfield><subfield code='j'>1</subfield><subfield code='b'>F06</subfield><subfield code='p'>10509218</subfield><subfield code='c'>UBYTKI_F06</subfield></datafield><datafield ind1=' ' ind2=' ' tag='852'><subfield code='8'>22797347200008210</subfield><subfield code='j'>1</subfield><subfield code='b'>F14</subfield><subfield code='p'>10131938</subfield><subfield code='c'>UBYTKI_F14</subfield></datafield><datafield ind1=' ' ind2=' ' tag='852'><subfield code='8'>22797347120008210</subfield><subfield code='j'>1</subfield><subfield code='b'>F01</subfield><subfield code='p'>10131936</subfield><subfield code='c'>UBYTKI_F01</subfield></datafield><datafield ind1=' ' ind2=' ' tag='852'><subfield code='8'>22797347140008210</subfield><subfield code='j'>1</subfield><subfield code='b'>F02</subfield><subfield code='p'>10596828</subfield><subfield code='c'>UBYTKI_F02</subfield></datafield><datafield ind1=' ' ind2=' ' tag='920'><subfield code='a'>83-7298-676-2</subfield></datafield></record>
  </collection>
</resp>
